| 000 | 01001nam a2200277 a 4500 | ||
|---|---|---|---|
| 001 | 000023639 | ||
| 005 | 20240410201344.0 | ||
| 008 | 101216s1986 sp a r 000 0 spa d | ||
| 020 | _a8476400061 | ||
| 040 |
_aDO-SdBNP _bspa _cBNPHU |
||
| 041 | 1 | 7 |
_aspa _heng _2Códico de idioma MARC |
| 082 |
_a615.535 _bN551n |
||
| 100 | 1 |
_aNewman Turner Roger _948712 |
|
| 240 | 1 | 0 |
_aNaturopathic medicine. _lEspañol. |
| 245 | 1 | 0 |
_aNuevo manual de medicina naturopata : _btratamiento integral de la persona / _cRoger Newman Turner ; prefacio George T. Lewith ; traducido por Vicente Bordoy y Custodia Ramos. |
| 260 |
_aMadrid : _bEdaf, _c[1986]. |
||
| 300 |
_a175 p. : _bil. ; _c21 cm. |
||
| 504 | _aIncluye bibliografía | ||
| 534 |
_aTítulo original: _tNaturopathic medicine. |
||
| 650 | 4 |
_aNaturopatía _948713 |
|
| 650 | 0 |
_aMedicina alternativa _937050 |
|
| 700 | 1 |
_aLewith, George T. _epref. _948714 |
|
| 700 | 1 |
_aBordoy, Vicente _etr. _948715 |
|
| 700 | 1 |
_aRamos, Custodia _etr. _948716 |
|
| 049 | _aBNGR | ||
| 999 |
_c23135 _d23135 |
||